Effectif du Stade toulousain - Saison 2022-2023. - Statistiques

Statistiques générales
  • Ce quiz a été pris 1 137 fois
    1 065 depuis la dernière actualisation
  • Le résultat moyen est 27 sur 42
Statistiques - réponses
Joueur % Correct
Antoine Dupont
96%
Julien Marchand
96%
Romain Ntamack
95%
Théo Ntamack
95%
Cyril Baille
93%
Peato Mauvaka
92%
Thomas Ramos
91%
Matthis Lebel
83%
François Cros
81%
Ange Capuozzo
79%
Richie Arnold
79%
Thibaud Flament
78%
Juan Cruz Mallía
77%
Anthony Jelonch
76%
Dorian Aldegheri
76%
Melvyn Jaminet
76%
Pita Ahki
75%
Jack Willis
73%
Paul Graou
73%
Santiago Chocobares
73%
Emmanuel Meafou
72%
Guillaume Cramont
66%
Alexandre Roumat
64%
David Ainu'u
64%
Arthur Retière
60%
Sofiane Guitoune
60%
Pierre-Louis Barassi
58%
Rodrigue Neti
57%
Tim Nanai-Williams
55%
Charlie Faumuina
54%
Rynhardt Elstadt
53%
Lucas Tauzin
52%
Dimitri Delibes
51%
Alban Placines
50%
Selevasio Tolofua
50%
Joshua Brennan
45%
Martin Page-Relo
45%
Nelson Épée
32%
Pierre Fouyssac
28%
Yannick Youyoutte
28%
Arthur Bonneval
23%
Maxime Duprat
17%
Aucun quiz correspondant
Distribution des résultats
% des personnes avec chaque résultat
Percentile par nombre de réponses
Votre historique - résultats
Vous n’avez pas pris ce quiz depuis la dernière actualisation